Music Quiz

Random Music Quiz

U2 and the 20 Number 1 Irish chart singles Quiz Stats

 Plays Quiz not verified by Sporcle

Challenge
Share
Tweet
Embed
Score 0/20 Timer 07:00
0 Plays Today
Hint Answer % Correct
1991One
78.3%
1987With Or Without You
75.6%
1987Where The Streets Have No Name
71.5%
2000Beautiful Day
71.3%
2004Vertigo
65.1%
2000Elevation
50%
1998Sweetest Thing
47.4%
1988Desire
45.7%
1987I Still Haven't Found What I'm Looking For
39%
1991The Fly
38%
Hint Answer % Correct
1991Mysterious Ways
37%
1985The Unforgettable Fire
26.1%
1997Discotheque
25.9%
1989All I Want Is You
25.9%
2009Get On Your Boots
22%
1993Stay
20.3%
1989When Love Comes To Town
19.5%
2000Stuck In A Moment You Cant Get Out Of
16%
2006The Saints Are Coming
11.8%
1995Hold Me Thrill Me Kill Me Kiss Me
1.5%

You're not logged in!

Compare scores with friends on all Sporcle quizzes.
OR
Log In

You Might Also Like...

Show Comments

Extras

Created Jan 25, 2017ReportNominate
Tags:chart, hit, ireland, irish, single

Top Quizzes Today


Score Distribution

Your Account Isn't Verified!

In order to create a playlist on Sporcle, you need to verify the email address you used during registration. Go to your Sporcle Settings to finish the process.

Report this User

Report this user for behavior that violates our Community Guidelines.

Details: